Al-ḥadāt̲aẗ al-t̲awriyyaẗ : al-ʻimāraẗ wa-siyāsāt al-taġyīr fī Miṣr/ الحداثة الثورية : العمارة وسياسات التغيير في مصر، 1936-1967

محفوظ في:

المؤلف الرئيسي: Muḥammad al-. Šāhid

مؤلفون آخرون: Amīr Zakī

التنسيق: كتاب

اللغة: Undetermined

منشور في: Al-Qāhirah Al-Markaz al-qawmī li-l-tarǧamaẗ 2020

سلاسل: Al-mašrūʻ al-qawmī li-l-tarǧamaẗ, 3243

الموضوعات:

الوسوم: إضافة وسم

لا توجد وسوم, كن أول من يضع وسما على هذه التسجيلة!

رقم الطلب:

LEADER 00813nam a2200193Ia 4500
008 240503s9999||||xx |||||||||||||| ||und||
020 |a 9789779216515 
100 1 |a Muḥammad al-. Šāhid 
245 1 0 |a Al-ḥadāt̲aẗ al-t̲awriyyaẗ : al-ʻimāraẗ wa-siyāsāt al-taġyīr fī Miṣr/ الحداثة الثورية : العمارة وسياسات التغيير في مصر، 1936-1967  
264 1 |a Al-Qāhirah  |b Al-Markaz al-qawmī li-l-tarǧamaẗ  |c 2020 
300 |a 459  |b ill., plans.  |c 24 
490 0 |a Al-mašrūʻ al-qawmī li-l-tarǧamaẗ, 3243 
650 4 |a Architecture 20e siècle 
650 4 |a Égypte 1936-1952 (Farouk) 
650 4 |a Politique et gouvernement Égypte 1919-1952 
650 4 |a Politique et gouvernement Égypte 1952-1970 
700 1 |a Amīr Zakī 
942 |2 lcc  |c BK 
999 |c 58352  |d 58352